Revisión de la Constitución Portuguesa: discurso pronunciado por el presidente del consejo ante la Asamblea Nacional en 2 de Deciembre de 1970

Saved in:
Bibliografiske detaljer
Hovedforfatter: Caetano, Marcelo (Author)
Format: Bog
Sprog:spansk
Udgivet: Lisboa Secretaria de Estado da Informacao e Turismo 1970
Fag:
Tags: Tilføj Tag
Ingen Tags, Vær først til at tagge denne postø!

MARC

LEADER 00000nam a2200000 a 4500
001 UCR4141
003 CL-VaPUC
008 980307e19700000po |||||||||||||||||spa|d
082 0 4 |a 342.46  |b CAE  |2 21 
100 0 |a Caetano, Marcelo  |e author  |9 403818 
245 1 0 |a Revisión de la Constitución Portuguesa: discurso pronunciado por el presidente del consejo ante la Asamblea Nacional en 2 de Deciembre de 1970 
300 |a 28 p 
942 |c BK 
945 |d 19980307 00:00:00  |a cmena 
260 |a Lisboa  |b Secretaria de Estado da Informacao e Turismo  |c 1970 
500 |a Donación del padre Enrique Pascal García Huidobro 
650 0 |a Constituciones  |9 255417 
650 0 |a Derecho constitucional   |9 222588 
650 0 |a Estado y derecho  |9 255403 
650 0 |a Reformas constitucionales   |9 255169 
651 7 |a PORTUGAL  |2 CL-VaPUC  |9 255007 
583 |a last modification  |c 20171212 06:41:26  |k Rodrigo Vera 
999 |c 267092  |d 267090 
952 |0 0  |1 0  |4 0  |6 342_460000000000000_CAE_1970  |7 0  |8 P  |9 299254  |a BIBDER  |b BIBDER  |d 2019-11-20  |i 195783K  |o 342.46 CAE 1970  |p 195783K  |r 2023-01-25  |w 2019-11-20  |y BK  |k DER